Introduction to the Law of Torts and Consumer Protection/ (Record no. 213138)

MARC details
000 -LEADER
fixed length control field 00654nam a22001937a 4500
005 - DATE AND TIME OF LATEST TRANSACTION
control field 20250825113005.0
010 ## - LCCN (DPL NO)
LC control number ENG-146498
020 ## - INTERNATIONAL STANDARD BOOK NUMBER
International Standard Book Number 9789349015593
Terms of availability 895.00
035 ## - SYSTEM CONTROL NUMBER
System control number EN-130030
037 ## - SOURCE OF ACQUISITION
Source of stock number/acquisition DBAD/PUB
082 ## - DEWEY DECIMAL CLASSIFICATION NUMBER
Classification number 346.5403
Edition number 5
100 ## - MAIN ENTRY--PERSONAL NAME
Personal name Avtar Singh
245 ## - TITLE STATEMENT
Title Introduction to the Law of Torts and Consumer Protection/
Statement of responsibility, etc Avtar Singh [and] Harpreet Kaur
260 ## - PUBLICATION, DISTRIBUTION, ETC. (IMPRINT)
Place of publication, distribution, etc Gurgaon
Name of publisher, distributor, etc Lexis Nexis
Date of publication, distribution, etc 2025
270 ## - ADDRESS
Address 14th Floor, Building No.10, Tower-B, DLF Cyber City, Phase-II
City Gurgaon
Postal code 122002
300 ## - PHYSICAL DESCRIPTION
Extent lxxix, 477p.
Dimensions 24cm(pb)
700 ## - ADDED ENTRY--PERSONAL NAME
Personal name Harpreet Kaur
Relator term Author
9 (RLIN) 84301
942 ## - ADDED ENTRY ELEMENTS (KOHA)
Source of classification or shelving scheme Dewey Decimal Classification
Item type English Books
Call number suffix AVT
Classification part 364.5403
Holdings
Withdrawn status Lost status Not for loan Collection code Home library Current library Date acquired Source of acquisition Cost, normal purchase price Full call number Barcode Copy number Cost, replacement price Koha item type
    Not For Loan Fiction D.B.Act.Division D.B.Act.Division 27/03/2026 DBAD 895.00 AVT 346.03 EN131697 1 895.00 English Books
      Non-fiction Patel Nagar Patel Nagar 25/08/2025 Delivery of Books Act Division 895.00 AVT 364.5403 EN-130030 1 895.00 English Books

© Delhi Public Library
Hit Counter
free hit counter